000 00320nam a2200133Ia 4500
008 191201s1976 xx 000 0 und d
082 _a677.21
_bCLP
100 _aCLEGG, J K
245 0 _aPractical Cotton Carding
260 _aN.Delhi
_bMahajan Brother
_c1976
300 _a123
650 _aB.Tech(TE)
942 _2ddc
_cBK
999 _c2228
_d2228